000 00884nam a2200253 a 4500
001 77010
003 BD-RjUL
005 20211209082921.0
008 200219s19531906enk 000 0 eng d
035 _aOCLC 01393480 from gmso21
040 _aNHM
_cNHM
_dEQO
_beng
041 _aeng
090 _aSH433
_b.A1875
092 _aD0503619290
100 1 _aWalton, Izaak,
_d1593-1683.
_9239327
245 1 4 _aThe complete angler :
_bor the contemplative man's recreation, being a discourse of rivers, fish-ponds fish and fishing /
_cby Izaak Walton / Instruction by Andrew Lang
260 _aLondon :
_bJ.M. dent & son. ,
_c1906[1953]
300 _axliv,213 p. :
_bill. ;
_c21 cm
650 0 _aFishing.
_9239328
700 1 _aCotton, Charles,
_d1630-1687.
_9239331
700 1 _aNicolas, Nicholas Harris,
_d1799-1848.
_9239332
942 _2ddc
_cBK
999 _c77010
_d77010